Statistics for Billboard Hot 100 - Number 1 singles of 2012

Click here to take the quiz!

General Stats

  • This quiz has been taken 2,020 times
  • The average score is 8 of 16

Answer Stats

WeeksArtistAnswer% Correct
9Carly Rae JepsenCall Me Maybe
89%
8GotyeSomebody That I Used to Know
75%
6FunWe Are Young
73%
2LMFAOSexy and I Know It
69%
2Kelly ClarksonStronger (What Doesn't Kill You)
62%
1Kelly ClarksonStronger (What Doesn't Kill You)
62%
1Flo RidaWhistle
54%
1Flo RidaWhistle
54%
2AdeleSet Fire to the Rain
47%
3RihannaDiamonds
45%
2RihannaWe Found Love
35%
2Taylor SwiftWe Are Never Ever Getting Back Together
31%
1Taylor SwiftWe Are Never Ever Getting Back Together
31%
2Bruno MarsLocked Out of Heaven
30%
9Maroon 5One More Night
29%
1Katy PerryPart of Me
29%

Score Distribution

Percentile by Number Answered

Percent of People with Each Score

Your Score History

You have not taken this quiz